000
00249nam a2200097Ia 4500
001
987720
005
20250826221125.0
008
250824s9999 xx 000 0 und d
245
0
_a
HAYVANLARIN ABC'Sİ
_c
BİLGİN ADALI
260
_b
HEP KİTAP YAYINLARI
999
_c
987720
_d
987720